000
00280nam a22001337a 4500
008
180918b xxu||||| |||| 00| 0 eng d
020
_a
9780977222612
041
_a
eng
080
_a
610
100
_a
3
101
_a
SHM
245
_a
Acp Medicine
_c
Dale.D.C
942
_2
udc
_c
BK
999
_c
47958
_d
47958